| 000 | 00446nam a2200145 a 4500 | ||
|---|---|---|---|
| 001 | 5756 | ||
| 003 | CDMR | ||
| 005 | 20131014171447.0 | ||
| 008 | 130130s ||||||||||||||||||||||||||||d | ||
| 040 |
_aCDMR _bcat _cCDMR |
||
| 245 | 4 |
_aUna experiencia corporativa en la prensa del centro de España _cMariano González-Rothvoss y Gil |
|
| 260 |
_aMadrid _bComité Paritario Interlocal de la Prensa de MAdrid _c[s.d.] |
||
| 300 | _a110 p. | ||
| 942 |
_cMON _2udc |
||
| 999 |
_c5756 _d5756 |
||